Normal view
MARC view
Entry Personal Name
001 - CONTROL NUMBER
- control field: 17681
003 - CONTROL NUMBER IDENTIFIER
- control field: OSt
005 - DATE AND TIME OF LATEST TRANSACTION
- control field: 20240624122913.0
008 - FIXED-LENGTH DATA ELEMENTS
- fixed length control field: 240624|| aca||aabn | a|a d
040 ## - CATALOGING SOURCE
- Original cataloging agency: OSt
- Transcribing agency: OSt
100 ## - HEADING--PERSONAL NAME
- Personal name: Wenham, S. R.
- Fuller form of name: (Stuart R.)
670 ## - SOURCE DATA FOUND
- Source citation: Work cat.: (OSt)8743: Luque, Antonio 17678, Handbook of photovoltaics science and engineering /
